00662 2200229 4500001002100000005001700021008004100038020002200079035002400101040001200125082001100137084001700148100001900165245008900184260002800273300003100301650002100332700003300353850001200386990001700398990001700415INLIS00000000002234020160907103203.0  a978-602-252-225-6 0010-091600000000112 aYOPDYOG a028.55 a028.55 Ayu B aAyu Prameswary aBue Mountaine Mysterybmisteri gunung biruc/ Ayu Prameswary, Editor, Ayu Prameswary aJakartabErlanggac2013 a31 hlm.b: ilus.c; 26 cm. aBuku Cerita Anak aAyu Prameswary, Tesa Febiani aYOPDYOG a3851-KS/B.15 a3852-KS/B.15